| 000 | 00824nam a2200253Ia 4500 | ||
|---|---|---|---|
| 003 | OSt | ||
| 005 | 20221005112414.0 | ||
| 006 | a|||||r|||| 00| 0 | ||
| 007 | ta | ||
| 008 | 221004b |||||||| |||| 00| 0 pan d | ||
| 020 | _a9788192339917 (pbk) | ||
| 024 | _a17987 | ||
| 037 |
_bGift, 26/05/2015, _cTextual |
||
| 040 |
_aCRL _cCRL _bpan |
||
| 041 |
_2pan _apan |
||
| 082 | _aO37,3NSH,PA, 153Q3 | ||
| 100 |
_aFੇੱਟ, ਤੁਕਾਰਾਮ ਰਾਮ _9168907 |
||
| 245 | 0 | _aਪਾਬਲੋ | |
| 260 |
_aਗੋਆ _bਅਲੀਨਾ ਪ੍ਰਕਾFਨ ਭਾਰਤ _c2013 |
||
| 300 |
_a80ਪੰ _ccm. |
||
| 650 | _aਪੰਜਾਬੀ ਸਾਹਿਤ | ||
| 942 |
_hO37,3NSH,PA, 153Q3 _cTEXL _2cc |
||
| 999 |
_c1024789 _d1024789 |
||